01432nab a2200385 a 450000100060000000300080000600500170001400600190003100700150005000800410006502200140010603500210012004000260014105000220016708000110018908200160020010000230021622200240023924500980026326001470036130000150050831000150052336200210053853301640055965000470072365000440077065000260081465000250084065000270086565500320089271000190092474000250094385600610096899900170102997593FlNmELB20241217172703.0m o d | cr cn|||||||||201001r1998 uy |||||s|||||||||||spa d a0254-2439 a(OCoLC)955419139 aFlNmELBbspacFlNmELB 4aLC1041bW671 1998 a377(8)04a370.1132221 aWilde G., Roberto. 0aBoletín CINTERFOR10aFormación profesional y sindicalismo en Méxicoh[recurso electronico] /cRoberto Wilde G. a[Montevideo] :bCentro Interamericano de Investigación y Documentación sobre Formación Profesional (Montevideo) :bCINTERFOR/OIT,c1998. a123-131 p. aTrimestral0 aNum. 144 (1998)- aRecurso electrónico. Santa Fe, Arg.: e-libro, 2015. Disponible vía World Wide Web. El acceso puede estar limitado para las bibliotecas afiliadas a e-libro. 4aFormación profesionalzAmérica Latina. 4aEducación y empleozAmérica Latina. 4aVocational education. 4aTechnical education. 4aOccupational training. 4aArtículos electrónicos.2 ae-libro, Corp.02aBoletín CINTERFOR.40uhttps://elibro.net/ereader/politecnicointernacional/8981 c97593d97593